| 000 | 00850nam a2200301Ia 4500 | ||
|---|---|---|---|
| 001 | 5329 | ||
| 003 | IT-RoPAU | ||
| 008 | 130308s9999 xx 000 0 und d | ||
| 040 | _aIT-RoPAU | ||
| 040 | _cIT-RoPAU | ||
| 041 | _aFRANCESE | ||
| 100 | _aSchaefer Anne | ||
| 100 | _gCodice Aut. SPICS: 1519 | ||
| 245 | _aMontage audiovisuel (Le), approche d'un langage | ||
| 245 | _bEnfant createur d'images (L') | ||
| 250 | _a1a ed. | ||
| 260 | _aTOURNAI (BELGIO) | ||
| 260 | _bCasterman | ||
| 260 | _c1977 [1° Ed.:1977 - Ed.Ling.Originale:1975] | ||
| 300 | _a"19 p. (prefazione: no ; testo: 19 [pagine: 39-57])" | ||
| 500 | _aMontaggio Audiovisivo Approccio a un Linguaggio | ||
| 650 | _aPEDAGOGIA DELLA COMUNICAZIONE SOCIALE | ||
| 650 | _eCodice materia Spics: 3804 | ||
| 942 | _cBK | ||
| 957 | _71 | ||
| 999 |
_c44052 _d44052 |
||
| 999 | _bSI | ||
| 999 | _g1 | ||